Strawberry Vine by Noah Kahan - Lyrics Quiz - Statistics

General Stats
  • This quiz has been taken 29 times
  • The average score is 156 of 182
Answer Stats
Answer % Correct
a
100%
all
100%
and
100%
strawberry
100%
the
100%
to
100%
we
100%
wine
100%
but
95%
ever
95%
every
95%
for
95%
I
95%
I'm
95%
in
95%
it
95%
love
95%
used
95%
you
95%
as
90%
darling
90%
don't
90%
me
90%
say
90%
song
90%
speak
90%
thing
90%
time
90%
were
90%
with
90%
word
90%
you've
90%
burns
85%
dirt
85%
have
85%
heard
85%
my
85%
on
85%
over
85%
remember
85%
road
85%
thought
85%
watch
85%
cigarette
80%
empty
80%
few
80%
fit
80%
head
80%
if
80%
I'll
80%
know
80%
makes
80%
moments
80%
no
80%
run
80%
see
80%
shape
80%
straight
80%
telling
80%
that
80%
was
80%
your
80%
asleep
75%
back
75%
bones
75%
buried
75%
coming
75%
cursed
75%
formless
75%
light
75%
like
75%
little
75%
man
75%
miss
75%
never
75%
runway
75%
sentimental
75%
shoulder
75%
soft
75%
space
75%
things
75%
we'd
75%
could
70%
defines
70%
fast
70%
him
70%
lose
70%
park
70%
stranger
70%
those
70%
is
65%
plywood
65%
said
60%
would
60%
are
55%
leaves
35%
No matching quizzes found
Score Distribution
Percent of People with Each Score
Percentile by Number Answered
Your Score History
You have not taken this quiz